Criket in a thicket / (Record no. 14529)
[ view plain ]
| 000 -LEADER | |
|---|---|
| fixed length control field | 00577nam a22001932 4500 |
| 001 - CONTROL NUMBER | |
| control field | 0000009657 |
| 005 - DATE AND TIME OF LATEST TRANSACTION | |
| control field | 20151217160121.0 |
| 008 - FIXED-LENGTH DATA ELEMENTS--GENERAL INFORMATION | |
| fixed length control field | 081114s xx 000 0 eng d |
| 040 ## - CATALOGING SOURCE | |
| Original cataloging agency | KABU |
| Transcribing agency | KABU |
| 100 1# - MAIN ENTRY--PERSONAL NAME | |
| Personal name | Fisher, Aileen. |
| -- | 0000161381 |
| 245 10 - TITLE STATEMENT | |
| Title | Criket in a thicket / |
| Statement of responsibility, etc. | Aileen Fisher; illus. by Feodor Rojankovsky. |
| 250 ## - EDITION STATEMENT | |
| Edition statement | 1st ed. |
| 260 ## - PUBLICATION, DISTRIBUTION, ETC. (IMPRINT) | |
| Place of publication, distribution, etc. | New York : |
| Name of publisher, distributor, etc. | Charles Scribner's, |
| Date of publication, distribution, etc. | 1963. |
| 300 ## - PHYSICAL DESCRIPTION | |
| Extent | 63 p. |
| 700 1# - ADDED ENTRY--PERSONAL NAME | |
| Personal name | Rojankovsky, Feodor. |
| -- | 0000161382 |
| 852 1# - LOCATION | |
| -- | p300 KES |
| 908 ## - PUT COMMAND PARAMETER (RLIN) | |
| Put command parameter | 081114 |
| 950 ## - LOCAL HOLDINGS (RLIN) | |
| -- | 1 |
| Withdrawn status | Lost status | Source of classification or shelving scheme | Not for loan | Home library | Current library | Date acquired | Total Checkouts | Full call number | Barcode | Date last seen | Price effective from | Koha item type |
|---|---|---|---|---|---|---|---|---|---|---|---|---|
| Library of Congress Classification | Kabarak, Main Campus | Kabarak, Main Campus | 17/12/2015 | PZ7 .F57C7 c. 1 | 15518 | 17/12/2015 | 17/12/2015 | Children Collection |